Statistics for Top 10 U.S. States by Public Transit

Click here to take the quiz!

General Stats

  • This quiz has been taken 41,936 times
    (15,982 since last reset)
  • The average score is 7 of 10

Answer Stats

%ChangeState% Correct
17.3-38New York
99%
2.1-57California
90%
4.5-56Massachusetts
78%
5.9-50New Jersey
78%
2.1-70Washington
76%
3.8-60Illinois
75%
2.8-52Pennsylvania
73%
3.0-62Maryland
71%
2.5-43Connecticut
65%
3.3-42Hawaii
40%

Score Distribution

Percentile by Number Answered

Percent of People with Each Score

Your Score History

You have not taken this quiz since the last reset